[Event "Niedersachsen-ch U10"]
[Site "Rotenburg"]
[Date "2009.04.07"]
[Round "6"]
[White "Kabashi, Marvin"]
[Black "Raetzke von Stoyentin, Steffen"]
[Result "0-1"]
[WhiteElo "948"]
[BlackElo "1026"]
[PlyCount "72"]
[EventDate "2009.04.04"]
[EventType "swiss"]
[EventRounds "11"]
[EventCountry "GER"]
[SourceTitle "EXT 2010"]
[Source "ChessBase"]
[SourceDate "2010.11.25"]
[SourceVersion "1"]
[SourceVersionDate "2010.11.25"]
[SourceQuality "1"]

1. e4 c5 2. Nf3 Nc6 3. d4 cxd4 4. Nxd4 e5 5. Nf3 g6 6. Nc3 Nge7 7. Bg5 Bg7 8. Nd5 0-0 9. Bb5 Qa5+ 10. Nc3 a6 11. Bxc6 Nxc6 12. 0-0 h6 13. Be3 Qb4 14. Rb1 Rd8 15. a3 Qc4 16. Qd5 Qxd5 17. Nxd5 d6 18. Bb6 Rf8 19. Nd2 Be6 20. c4 Bxd5 21. cxd5 Nd4 22. Nc4 f5 23. Nxd6 fxe4 24. Nxe4 Rac8 25. d6 Rc6 26. Bc7 Nb5 27. Rbc1 Nxc7 28. Rxc6 bxc6 29. dxc7 Rc8 30. Nc5 Rxc7 31. Nxa6 Rb7 32. b4 Ra7 33. Nc5 Rxa3 34. f4 exf4 35. Rxf4 Ra1+ 36. Rf1 Bd4+ 0-1

[Event "Niedersachsen-ch U10"]
[Site "Rotenburg"]
[Date "2009.04.06"]
[Round "5"]
[White "Bruns, Kai Christian"]
[Black "Kabashi, Marvin"]
[Result "0-1"]
[WhiteElo "1023"]
[BlackElo "948"]
[PlyCount "110"]
[EventDate "2009.04.04"]
[EventType "swiss"]
[EventRounds "11"]
[EventCountry "GER"]
[SourceTitle "EXT 2010"]
[Source "ChessBase"]
[SourceDate "2010.11.25"]
[SourceVersion "1"]
[SourceVersionDate "2010.11.25"]
[SourceQuality "1"]

1. e4 c5 2. Nc3 Nc6 3. Nf3 g6 4. d4 cxd4 5. Nxd4 Bg7 6. Be3 Nf6 7. Bc4 0-0 8. 0-0 Nxe4 9. Nxe4 d5 10. Bb5 Nxd4 11. Bxd4 dxe4 12. Bxg7 Kxg7 13. Qe2 f5 14. Rad1 Qb6 15. b3 Rd8 16. Rxd8 Qxd8 17. Rd1 Qf8 18. c4 Qf6 19. f3 exf3 20. Qxf3 Qb6+ 21. Qf2 Qxf2+ 22. Kxf2 a6 23. Be8 f4 24. Bd7 e5 25. Bxc8 Rxc8 26. Rd7+ Kh6 27. Rxb7 e4 28. Re7 e3+ 29. Ke2 Rd8 30. Kf3 g5 31. g3 Rd2 32. gxf4 Rxh2 33. fxg5+ Kxg5 34. Kxe3 Rh1 35. b4 Re1+ 36. Kd4 Rxe7 37. c5 Rd7+ 38. Ke5 h5 39. c6 Rc7 40. Kd6 Rxc6+ 41. Kxc6 h4 42. a4 h3 43. b5 h2 44. Kc7 axb5 45. axb5 h1Q 46. b6 Qc1+ 47. Kb8 Qc6 48. b7 Kf5 49. Ka7 Qc7 50. Ka8 Qa5+ 51. Kb8 Ke6 52. Kc8 Qc5+ 53. Kb8 Kd6 54. Ka8 Qa5+ 55. Kb8 Kc6 0-1